| 000 | 02428nam0a2200517 4500 | ||
|---|---|---|---|
| 001 | RU\NLR\bibl\1758399 | ||
| 005 | 20250616123141.0 | ||
| 010 |
_a978-5-8291-1266-0 _b(Акад. проект) _91000 |
||
| 010 |
_a978-5-902767-55-8 _91000 _b(Культура) |
||
| 021 |
_aRU _b2011-21908 _91551 |
||
| 035 | _a(nilc)LIBNET\0000119979 | ||
| 035 | _a2VIL\RUSMED\0000182710 | ||
| 035 | _a(NLR Aleph) 001749224 | ||
| 090 |
_a1508201 _c1508201 |
||
| 100 | _a20110331d2011 |||y0rusy50 ca | ||
| 101 | 0 |
_arus _ceng |
|
| 102 | _aRU | ||
| 105 | _ay ||||||||| | ||
| 200 | 1 |
_aОперационализированная психодинамическая диагностика (ОПД)-2 _dOperationalized psychodynamic diagnosis (OPD)-2 _eруководство по диагностике и планированию терапии _f[пер. с англ. под ред. М. А Гончарова] _zeng |
|
| 210 |
_aМосква _cКультура _cАкад. проект _d2011 |
||
| 215 |
_a454 с. _d22 |
||
| 225 | 1 | _aПсихотерапевтические технологии | |
| 320 | _aБиблиогр.: с. 354-377 | ||
| 510 | 0 |
_aOperationalized psychodynamic diagnosis (OPD)-2 _zeng |
|
| 606 | 1 |
_aПСИХОТЕРАПИЯ _xметоды _jруководства _2rus_mesh _3R11796-5.1 |
|
| 606 | 1 |
_aPSYCHOTHERAPY _xmethods _2rus_mesh _3E11796-5.1 |
|
| 606 | 1 |
_aПсихические болезни _jРуководства, пособия и т.п. _xПсихотерапия _92005683 _3RU\NLR\auth\66921940 |
|
| 606 | 1 |
_aЛичность _jРуководства, пособия и т.п. _xПсиходиагностика _91531487 _3RU\NLR\auth\66666900 |
|
| 606 | 1 |
_aПсихически больные _jРуководства, пособия и т.п. _xПсиходиагностика _92531175 _3RU\NLR\auth\661499252 |
|
| 686 |
_a76.01.33 _2rugasnti |
||
| 686 |
_a76.29.52 _2rugasnti |
||
| 686 |
_aF04.754 - методы _v2011 _2MESH |
||
| 686 |
_aF04.754 - methods _v2011 _2MESH |
||
| 686 | _aР64-4я7 | ||
| 686 | _aР64-57я7 | ||
| 686 | _aЮ937в6я7 | ||
| 686 | _aЮ948.4в6я7 | ||
| 702 | 1 |
_aГончаров _bМ. А. _gМаксим Александрович _4340 |
|
| 801 | 0 |
_aRU _bЦНМБ _c20110331 _gPSBO |
|
| 801 | 1 |
_aRU _bЦНМБ _c20110331 |
|
| 801 | 2 |
_aRU _bЦНМБ _c20110412 |
|
| 801 | 2 |
_aRU _bNLR _c20110413 _grcr |
|
| 942 | _cBOOK | ||
| 980 | _aNB | ||
| 980 | _aNBR | ||